Ecue-Yamba-O / (Record no. 6747)

MARC details
000 -LEADER
fixed length control field 01074nam a22002297a 4500
001 - CONTROL NUMBER
control field 6747
003 - CONTROL NUMBER IDENTIFIER
control field FISKH
005 - DATE AND TIME OF LATEST TRANSACTION
control field 20250523145611.0
008 - FIXED-LENGTH DATA ELEMENTS--GENERAL INFORMATION
fixed length control field 250523b cb ||||| |||| 00| 0 eng d
020 ## - INTERNATIONAL STANDARD BOOK NUMBER
International Standard Book Number 8420603821
040 ## - CATALOGING SOURCE
Original cataloging agency FISKH
Language of cataloging French
Transcribing agency FISKH
Modifying agency FISKH
050 ## - LIBRARY OF CONGRESS CALL NUMBER
Classification number PQ7389.C263 E3
082 ## - DEWEY DECIMAL CLASSIFICATION NUMBER
Classification number 863
100 ## - MAIN ENTRY--PERSONAL NAME
Personal name Carpentier, Alejo
245 ## - TITLE STATEMENT
Title Ecue-Yamba-O /
Statement of responsibility, etc. By Alejo Carpentier
260 ## - PUBLICATION, DISTRIBUTION, ETC.
Place of publication, distribution, etc. Madrid :
Name of publisher, distributor, etc. Alianza ,
Date of publication, distribution, etc. 1989.
300 ## - PHYSICAL DESCRIPTION
Extent 216 pages :
Other physical details illustrations ;
Dimensions 18 cm .
520 ## - SUMMARY, ETC.
Summary, etc. "Primera novela de Alejo Carpentier, Ecue-Yamba-o prolonga, por un lado los metodos y temas del naturalismo tipicos de la literatura latinoamericana durante las dos primeras decadas del siglo XX, tambien acusa, por otro, la influencia innovadora de las preocupaciones esteticas vanguardistas, especialmente del surrealismo frances. De contenido eminentemente folclorico, esta repleta de simbolos y rituales relativos a los misterios de las creencias religiosas afrocubanas."
650 ## - SUBJECT ADDED ENTRY--TOPICAL TERM
Topical term or geographic name entry element Literatura hispanoamericana
Form subdivision Fiction
942 ## - ADDED ENTRY ELEMENTS (KOHA)
Source of classification or shelving scheme Dewey Decimal Classification
Koha item type Books
Suppress in OPAC No
Holdings
Withdrawn status Lost status Source of classification or shelving scheme Damaged status Not for loan Collection Home library Current library Shelving location Date acquired Total Checkouts Full call number Barcode Date last seen Price effective from Koha item type
    Dewey Decimal Classification     Non-Fiction Footprints International School Library Network Toul Tom Poung Campus Footprints International School Library Network Toul Tom Poung Campus TTP Secondary Non-Fiction Bookshelves 05/23/2025   CAR 863 PQ7389.C263 E3 FISSE03331 05/23/2025 05/23/2025 Books